The Dangerous doctrine: national security and U.S. foreign policy /
Guardat en:
| Autor principal: | |
|---|---|
| Autor corporatiu: | , |
| Format: | Text |
| Publicat: |
Washington:
Westview Press
|
| Etiquetes: |
Afegir etiqueta
Sense etiquetes, Sigues el primer a etiquetar aquest registre!
|
MARC
| LEADER | 00000 a a2200000 04500 | ||
|---|---|---|---|
| 001 | 25894 | ||
| 003 | |||
| 040 | |||
| 020 | |a 0-8133-7506-1 | ||
| 090 | |a 174204 | ||
| 100 | |a Landau, Saul | ||
| 110 | |a Policy Alternatives for Caribbean and Central America | ||
| 245 | |a The Dangerous doctrine: national security and U.S. foreign policy / |c Policy Alternatives for Caribbean and Central America | ||
| 260 | |a Washington: |b Westview Press | ||
| 300 | |a 201 p | ||
| 710 | |a PACCA | ||
| 999 | |c 14197 |d 14197 | ||



